000 00884nam a22002295i 4500
001 54480
003 ES-MaACL
005 20250704063112.0
007 t|
008 960806e1874 fr ||||1| fre d
040 _aCLM
_bspa
_cCCPB | SIC
100 1 _aFouillée, Alfred,
_d1838-1912
_eaut
_951939
245 1 3 _aLa philosophie de Socrate /
_cpar Alfred Fouillée.
260 _aParis :
_bLibrairie Philosophique de Ladrange,
_c1874
_f(Imp. Simon Racon et Comp.)
300 _a2 volúmenes ;
_c23 cm.
500 _aEn port. : Ouvrage couronné par l'Académie des Sciences Morales et Politiques.
600 1 4 _aSócrates-
_xCrítica e interpretación.
_9107014
852 _aES-MaACL
_cSVI
_gFirma autógrafa de Antonio Aura Boronat
_hDonativo de Antonio Aura Boronat
_jD-4948-49
942 _2udc
_cMONANT
_n0
999 _c54480
_d54480